The Autobiography of an Ex-Colored Man

Detalhes bibliográficos
Autor principal: J. W. Johnson
Resumo:Книга находится в премиум-версии платформы «Русский как иностранный».
Джеймс Джонсон - известный американский писатель XIX века, дипломат и борец за права человека, чьи произведения до сих пор остаются читаемыми и любимыми по всему миру. «Автобиография Экс-Мулата» - интересный роман Джонсона, опубликованный анонимно. Перед читателем разворачивается удивительная история необычной судьбы молодого мулата, живущего в Америке в эпоху пост-Реконструкции. Автор тонко подмечает все переживания герое, прекрасно передаёт общее настроение того времени... Читайте зарубежную литературу в оригинале!
Publicado em: Москва, T8RUGRAM, 2017
Assuntos:
Acesso em linha:Перейти к просмотру издания
Formato: MixedMaterials Recurso Eletrônico

MARC

LEADER 00000 a2200000 4500
001 RU/ROS-EDU.RU/84594
856 4 |u https://www.ros-edu.ru/book?id=84594  |z Перейти к просмотру издания 
010 |a 978-5-521-05756-6 
100 |a 20170101d2017 |||y0rusy0250  
105 |a y z 000zy 
101 0 |a rus 
102 |a RU 
200 1 |a The Autobiography of an Ex-Colored Man  |b Электронный ресурс  |f J. W. Johnson 
700 1 |b J. W.  |a Johnson  |4 070 
330 |a Джеймс Джонсон - известный американский писатель XIX века, дипломат и борец за права человека, чьи произведения до сих пор остаются читаемыми и любимыми по всему миру. «Автобиография Экс-Мулата» - интересный роман Джонсона, опубликованный анонимно. Перед читателем разворачивается удивительная история необычной судьбы молодого мулата, живущего в Америке в эпоху пост-Реконструкции. Автор тонко подмечает все переживания герое, прекрасно передаёт общее настроение того времени... Читайте зарубежную литературу в оригинале! 
210 |a Москва  |c T8RUGRAM  |d 2017 
610 1 |a художественная литература 
610 1 |a английский язык 
610 1 |a зарубежная проза 
610 1 |a классика 
610 1 |a роман 
675 |a 82 
686 |a 84  |2 rubbk 
300 |a Книга находится в премиум-версии платформы «Русский как иностранный». 
215 |a 99 с.